00565 a2200169 4500999001700000003000500017038001100022082001600033100002800049245004500077260003100122300001100153650002200164700002800186942002300214952015800237 c10877d10877NUST aWASEEM a297.55bSHO aShorash Kashmiri917258 aShab jai ka man boodamcShorash Kashmiri aLahorebR R printersc2010 a212 p. aUrdu fiction9739 aShorash Kashmiri917258 cBKk910.4 SHO2ddc 00102ddc4070aCLbCLcGENd2012-04-20eGlobal~Link Information Servicesg481.00l1m1o297.55 SHOpSEECS011231r2014-09-30s2014-09-30w2017-01-05yBK